The Can You Spell Gadaffi Quiz Stats

Quiz Updated Jan 4, 2017

Challenge
Share
Tweet
Embed
Score 0/31 Timer 04:00
2 Plays Today
% Correct
Gadafi
78.4%
Gaddafi
75.7%
Gadaffi
64.6%
Qaddafi
34.1%
Qadafi
31.3%
Kad'afi
30.2%
Kadafi
30.2%
Ghadafi
29%
Kaddafi
27.4%
Ghaddafi
26.2%
Kadaffi
22.9%
Ghadaffi
22.1%
Gadafy
21.9%
Gadhafi
20.5%
Gaddafy
19.3%
Khaddafi
14.1%
% Correct
Gaddhafi
11.3%
Qadhafi
8.3%
Kadhafi
7.9%
Ghaddafy
5.7%
Khadafy
4.7%
Khadaffy
2.6%
Gathafi
1.7%
Qathafi
1.3%
Gheddafi
1.1%
Kazzafi
1%
Qadhdhāfī
1%
Qadhdhafi
0.8%
Qudhafi
0.5%
Quathafi
0.3%
Qadthafi
0.2%

You're not logged in!

Compare scores with friends on all Sporcle quizzes.
Join for Free
OR
Log In

You Might Also Like...

Show Comments

Extras

Top Quizzes Today


Score Distribution

Your Account Isn't Verified!

In order to create a playlist on Sporcle, you need to verify the email address you used during registration. Go to your Sporcle Settings to finish the process.

Report this User

Report this user for behavior that violates our Community Guidelines.

Details: